000
00292nam a2200097Ia 4500
008
240331s9999 xx 000 0 und d
082
_b
THU
100
_a
Women's Aid Organization. ed
245
0
_a
Thunpuruthap Padum Penkal :
_b
Ungalukku Neenkale Uthavi Seythu Kolla Uthavum Puththakam
942
_c
L
999
_c
3620
_d
3620